000 00599nam a2200181Ia 4500
008 090124s9999 xx 000 0 und d
082 _b27701
_a3086
100 _aजाधव नरेंद्र
245 _a आमचा बाप आन् आम्ही भा. 2
250 _a2
260 _c1994
300 _a209
600 _aजाधव नरेंद्र
630 _a आमचा बाप आन् आम्ही भा. 2
700 _aजाधव नरेंद्र
730 _a आमचा बाप आन् आम्ही भा. 2
942 _cBOOK
999 _c141166
_d141166